| 000 | 00732pam a2200193 a 4500 | ||
|---|---|---|---|
| 020 | _a0070717699 | ||
| 082 | 0 | 0 |
_a696.1 _bWOD _cL-37, P-39 |
| 100 | 1 |
_aWoodson, R. Dodge _945615 |
|
| 245 | 1 | 0 |
_aNational plumbing codes handbook / _cR. Dodge Woodson. |
| 260 |
_aNew York, N.Y. : _bMcGraw-Hill, _cc1993. |
||
| 300 |
_axvi, 285 p. : _bill. ; _c23 cm. |
||
| 500 | _aIncludes index. | ||
| 526 |
_a0 _b0 _c0 _d696_100000000000000_WOD |
||
| 650 | 0 |
_aPlumbing _xHandbooks, manuals, etc. _945616 |
|
| 856 | 4 | 1 | _uhttp://www.loc.gov/catdir/enhancements/fy0602/92043491-t.html |
| 856 | 4 | 2 | _uhttp://www.loc.gov/catdir/enhancements/fy0602/92043491-b.html |
| 856 | 4 | 2 | _uhttp://www.loc.gov/catdir/enhancements/fy0602/92043491-d.html |
| 942 |
_2ddc _cBK |
||
| 999 |
_c549094 _d549094 |
||